| 000 | 00955nam a22001817a 4500 | ||
|---|---|---|---|
| 999 |
_c64180 _d64180 |
||
| 003 | Ge_BSU | ||
| 005 | 20260427105909.0 | ||
| 008 | 260427s1968 ge ||||| |||| 00| 0 geo d | ||
| 041 | _ageo | ||
| 080 | _a338(479.22) : 378.4(479.22-25) მ-74 | ||
| 100 |
_aმიქელაძე, ირაკლი _94712 |
||
| 245 |
_aსაქართველოს სახალხო მეურნეობა და თბილისის სახელმწიფო უნივერსიტეტი / _cირაკლი მიქელაძე. |
||
| 264 |
_aთბილისი : _bთბილ. უნ-ტის გამ-ბა, _c1968. |
||
| 300 |
_a91 გვ. : _bცხრილ. ; _c21 სმ. |
||
| 653 | _aსაქართველოს სახალხო მეურნეობა | ||
| 653 | _aთბილისის სახელმწიფო უნივერსიტეტი. | ||
| 942 |
_2udc _cᲬᲘᲒᲜᲘ |
||